Statistics for King Von Charting Songs (Billboard Hot Rap / R&B)

Click here to take the quiz!

General Stats

  • This quiz has been taken 34 times
    (23 since last reset)
  • The average score is 7 of 13

Answer Stats

AlbumWeeks OnPeakArtist(s)Song% Correct
Levon James20 Weeks#14King VonTook Her to the O
94%
What It Means To Be King10 Weeks#11King Von ft. 21 SavageDon't Play That
83%
The Voice13 Weeks#15Lil Durk & King VonStill Trappin'
72%
Welcome to O'Block1 Week#22King Von ft. Polo GThe Code
67%
What It Means To Be King1 Week#36King Von & Lil DurkEvil Twins
61%
What It Means To Be King1 Week#33King Von ft. G HerboFacetime
61%
Welcome to O'Block2 Weeks#31King Von ft. Lil DurkAll These Niggas
56%
What It Means To Be King1 Week#23King VonWar
56%
What It Means To Be King1 Week#34King Von ft. Fivio ForeignStraight To It
50%
What It Means To Be King1 Week#37King Von ft. Moneybagg YoTrust Nothing
50%
Grandson, Vol. 13 Weeks#32King Von ft. Lil DurkCrazy Story 2.0
33%
What It Means To Be King1 Week#43King VonToo Real
28%
What It Means To Be King1 Week#45King VonWhere I'm From
28%

Score Distribution

Percentile by Number Answered

Percent of People with Each Score

Your Score History

You have not taken this quiz since the last reset